Criminal Law

Detalles Bibliográficos
Autor principal: Roach, Kent
Formato: eBook
Lenguaje:inglés
Publicado: Toronto: Irwin Law Inc., 2004
Edición:Tercera Edicin̤
Materias:
Acceso en línea:Acceso restringido

MARC

LEADER 00000nam a22000007a 4500
005 20210826233817.0
007 cr|||| ||||
008 210826s2004 ca |||||s|||| 00||0 eng d
020 |a 9781459312333 
035 |a 35251 
040 |a vLex 
090 |c 12146  |d 12146 
100 1 |a Roach, Kent 
245 1 0 |a Criminal Law  |h [Recurso electrn̤ico] /  |c Kent Roach 
250 |a Tercera Edicin̤ 
256 |a Servicio en ln̕ea 
260 |a Toronto:  |b Irwin Law Inc.,  |c 2004 
300 |a 1 recurso electrn̤ico 
506 1 |a Disponible solo en los productos indicados  |d vLex Global  |d vLex Global (Academic Edition, excluding Law Schools)  |d vLex Global (U.S. Academic Edition, Law Schools)  |d vLex Global (U.S. Academic Edition, excluding Law Schools)  |d vLex Global (Academic Edition, Law Schools) 
650 0 4 |a Derecho Penal  |z Canad̀ 
740 0 |a vLex Libros (Servicio en ln̕ea) 
856 4 0 |u https://app.vlex.com/#/sources/35251  |z Acceso restringido 
942 |c BOOK 
999 0 |a Criminal law